Hindu Deities Worshipped In Japan (Record no. 47319)

MARC details
000 -LEADER
fixed length control field 00589nam a22001697a 4500
005 - DATE AND TIME OF LATEST TRANSACTION
control field 20260303145434.0
008 - FIXED-LENGTH DATA ELEMENTS--GENERAL INFORMATION
fixed length control field 260303b |||||||| |||| 00| 0 eng d
020 ## - INTERNATIONAL STANDARD BOOK NUMBER
International Standard Book Number 9789387791312
040 ## - CATALOGING SOURCE
Transcribing agency VITAP
082 ## - DEWEY DECIMAL CLASSIFICATION NUMBER
Edition number 23
Classification number 294.5921 BEH
100 ## - MAIN ENTRY--PERSONAL NAME
Personal name Behl, Benoy K.
9 (RLIN) 17186
245 ## - TITLE STATEMENT
Title Hindu Deities Worshipped In Japan
Statement of responsibility, etc. / Benoy K Behl
260 ## - PUBLICATION, DISTRIBUTION, ETC.
Place of publication, distribution, etc. Chennai
Name of publisher, distributor, etc. THG Publishing Group Pvt. Ltd.
300 ## - PHYSICAL DESCRIPTION
Extent 211p, ill.: 29cm
650 #0 - SUBJECT ADDED ENTRY--TOPICAL TERM
Topical term or geographic name entry element Indo-Japanese Cultural Links, Major Hindu Deities in Japan, Temples and Worship Practices in Japan, Religious Syncretism etc.
9 (RLIN) 17187
942 ## - ADDED ENTRY ELEMENTS (KOHA)
Source of classification or shelving scheme Dewey Decimal Classification
Koha item type Reference Book
Holdings
Withdrawn status Lost status Source of classification or shelving scheme Materials specified (bound volume or other part) Damaged status Not for loan Collection code Home library Current library Shelving location Date acquired Source of acquisition Cost, normal purchase price Inventory number Total Checkouts Full call number Barcode Date last seen Cost, replacement price Price effective from Koha item type Public note
    Dewey Decimal Classification Hard Bound   Not For Loan Reference School of Business & General Section VIT-AP Reference 2026-02-13 B.V. Pratap, The Hindu News Agent 2500.00 2026/2/325   294.5921 BEH 025535 2026-03-03 2500.00 2026-02-13 Reference Book GEN

Visitor Number: